000 00280nam a22001217a 4500
003 SGT
082 _a618.92
_bP09S
100 _aSIROTNAK, ANDREW
245 _aPEDIATRIC CLINICS OF NORTH AMERICA VOL 56
260 _aPHILADELPHIA
_bSAUNDERS
_c2009
300 _a448
942 _2ddc
_cBK
999 _c14045
_d14045